000 00334 a2200157 4500
001 178575
020 _a
040 _cMagnum
100 _aPaciornik, Celso Mauro
240 1 0 _aA terra e o ceu
_lpor
245 1 0 _aA terra e o ceu
362 0 _a1899
440 1 _aMelhoramentos
697 _aMAGNITO: PARADIDATICOS
942 _cBK
999 _c178575
_d178575